[Event "48th Continental Open"]
[Site "Sturbridge, MA"]
[Date "2018.08.18"]
[Round "5.17"]
[White "Poliannikov, Danila"]
[Black "Yu, Alex"]
[Result "1-0"]
[WhiteElo "1994"]
[BlackElo "1852"]
[PlyCount "149"]
[EventDate "2018.08.??"]
[EventType "swiss"]
[EventRounds "9"]
[EventCountry "USA"]
[TimeControl "6000+10"]
[WhiteClock "0:00:21"]
[BlackClock "0:01:30"]

1. e4 {[%emt 0:00:10]} c5 {[%emt 0:22:52]} 2. Nf3 {[%emt 0:00:12]} d6 {[%emt 0:
01:01]} 3. d4 {[%emt 0:00:10]} cxd4 {[%emt 0:00:10]} 4. Nxd4 {[%emt 0:00:46]}
Nf6 {[%emt 0:00:11]} 5. Nc3 {[%emt 0:00:11]} a6 {[%emt 0:00:11]} 6. g3 {
[%emt 0:00:23]} e5 {[%emt 0:02:28]} 7. Nb3 {[%emt 0:00:19]} Be6 {[%emt 0:01:12]
} 8. Bg2 {[%emt 0:03:15]} Nbd7 {[%emt 0:00:10]} 9. O-O {[%emt 0:00:11]} Be7 {
[%emt 0:02:01]} 10. a4 {[%emt 0:00:50]} O-O {[%emt 0:01:33]} 11. h3 {[%emt 0:
01:21]} Rc8 {[%emt 0:07:47]} 12. Be3 {[%emt 0:01:29]} Nb6 {[%emt 0:04:11]} 13.
Nd2 {[%emt 0:05:52]} Nc4 {[%emt 0:10:31]} 14. Nxc4 {[%emt 0:00:29]} Bxc4 {
[%emt 0:00:10]} 15. Re1 {[%emt 0:00:43]} Qa5 {[%emt 0:08:07]} 16. Qd2 {[%emt 0:
17:54]} Rfd8 {[%emt 0:08:06]} 17. f4 {[%emt 0:18:32]} Kh8 {[%emt 0:19:38]} 18.
Red1 {[%emt 0:05:15]} exf4 {[%emt 0:04:52]} 19. gxf4 {[%emt 0:02:27]} d5 {
[%emt 0:01:47]} 20. Nxd5 {[%emt 0:13:19]} Qxd2 {[%emt 0:00:22]} 21. Rxd2 {
[%emt 0:00:17]} Bc5 {[%emt 0:03:50]} 22. Bxc5 {[%emt 0:05:48]} Rxc5 {[%emt 0:
00:34]} 23. b3 {[%emt 0:03:45]} Bxd5 {[%emt 0:01:46]} 24. c4 {[%emt 0:00:11]}
Re8 {[%emt 0:00:10]} 25. exd5 {[%emt 0:00:48]} b5 {[%emt 0:00:10]} 26. axb5 {
[%emt 0:04:13]} axb5 {[%emt 0:00:10]} 27. d6 {[%emt 0:00:10]} bxc4 {[%emt 0:00:
10]} 28. d7 {[%emt 0:00:10]} Nxd7 {[%emt 0:00:00]} 29. Rxd7 {[%emt 0:00:10]}
cxb3 {[%emt 0:00:00]} 30. Rb1 {[%emt 0:00:10]} Rf5 {[%emt 0:00:00]} 31. Rd4 {
[%emt 0:01:45]} g6 {[%emt 0:00:09]} 32. Rxb3 {[%emt 0:00:11]} Re2 {[%emt 0:00:
00]} 33. Rb6 {[%emt 0:02:41]} Kg7 {[%emt 0:00:00]} 34. Rbd6 {[%emt 0:00:10]} h5
{[%emt 0:00:00]} 35. R6d5 {[%emt 0:01:35]} Rf6 {[%emt 0:00:00]} 36. Rg5 {
[%emt 0:06:59]} Rb2 {[%emt 0:00:00]} 37. Kh2 {[%emt 0:00:16]} Rf2 {[%emt 0:00:
00]} 38. Kg3 {[%emt 0:00:12]} Ra2 {[%emt 0:00:00]} 39. Rgd5 {[%emt 0:00:11]}
Ra3+ {[%emt 0:00:00]} 40. Rd3 {[%emt 0:00:10]} Ra4 {[%emt 0:00:00]} 41. Rf3 {
[%emt 0:01:40]} Rb4 {[%emt 0:00:00]} 42. Bf1 {[%emt 0:00:11]} Ra4 {[%emt 0:02:
24]} 43. Rg5 {[%emt 0:00:00]} Rb4 {[%emt 0:00:00]} 44. Rb5 {[%emt 0:00:00]} Ra4
{[%emt 0:00:00]} 45. Rc5 {[%emt 0:00:00]} Rb4 {[%emt 0:00:00]} 46. Rc7 {
[%emt 0:00:00]} Ra4 {[%emt 0:00:00]} 47. Bc4 {[%emt 0:00:06]} Ra5 {[%emt 0:00:
55]} 48. Re3 {[%emt 0:00:10]} Raf5 {[%emt 0:00:10]} 49. Re4 {[%emt 0:00:10]}
Ra5 {[%emt 0:00:00]} 50. Rd7 {[%emt 0:00:11]} Ra3+ {[%emt 0:00:30]} 51. Bd3 {
[%emt 0:01:48]} Rb3 {[%emt 0:00:00]} 52. Red4 {[%emt 0:00:10]} Ra3 {[%emt 0:00:
00]} 53. R7d6 {[%emt 0:00:39]} Rxd6 {[%emt 0:00:00]} 54. Rxd6 {[%emt 0:00:10]}
Rb3 {[%emt 0:00:00]} 55. Kg2 {[%emt 0:00:11]} Rb2+ {[%emt 0:00:00]} 56. Kf3 {
[%emt 0:00:10]} Rh2 {[%emt 0:01:01]} 57. Kg3 {[%emt 0:00:00]} Ra2 {[%emt 0:00:
10]} 58. Bc4 {[%emt 0:00:12]} Ra3+ {[%emt 0:00:00]} 59. Rd3 {[%emt 0:00:11]}
Ra4 {[%emt 0:00:00]} 60. Bb5 {[%emt 0:00:00]} Rb4 {[%emt 0:00:00]} 61. Bc6 {
[%emt 0:00:03]} Rc4 {[%emt 0:00:16]} 62. Bf3 {[%emt 0:00:10]} Ra4 {[%emt 0:00:
23]} 63. Rd7 {[%emt 0:00:12]} Ra3 {[%emt 0:00:10]} 64. Kf2 {[%emt 0:00:00]} Ra4
{[%emt 0:00:00]} 65. Ke3 {[%emt 0:00:00]} Ra3+ {[%emt 0:00:11]} 66. Rd3 {
[%emt 0:00:00]} Ra1 {[%emt 0:00:00]} 67. Bd5 {[%emt 0:00:00]} Ra4 {[%emt 0:00:
00]} 68. Rc3 {[%emt 0:00:00]} Ra7 {[%emt 0:00:50]} 69. Kd4 {[%emt 0:00:05]}
Ra4+ {[%emt 0:00:00]} 70. Bc4 {[%emt 0:00:10]} Ra5 {[%emt 0:00:00]} 71. Rb3 {
[%emt 0:00:10]} Rf5 {[%emt 0:00:00]} 72. Ke4 {[%emt 0:00:10]} Rf6 {[%emt 0:00:
00]} 73. Rb7 {[%emt 0:00:11]} Rf5 {[%emt 0:00:00]} 74. Rc7 {[%emt 0:00:50]} Rf6
{[%emt 0:00:00]} 75. Bd5 {[%emt 0:00:29]} 1-0

[Event "48th Continental Open"]
[Site "Sturbridge, MA"]
[Date "2018.08.18"]
[Round "5.18"]
[White "Luo, Terry"]
[Black "Sage, J Timothy"]
[Result "1-0"]
[WhiteElo "1793"]
[BlackElo "2036"]
[PlyCount "65"]
[EventDate "2018.08.??"]
[EventType "swiss"]
[EventRounds "9"]
[EventCountry "USA"]
[TimeControl "6000+10"]
[WhiteClock "0:22:31"]
[BlackClock "0:07:50"]

1. d4 {[%emt 0:00:10]} Nf6 2. c4 {[%emt 0:00:13]} e6 {[%emt 0:00:31]} 3. g3 {
[%emt 0:00:11]} d5 {[%emt 0:00:24]} 4. Nf3 {[%emt 0:00:12]} Be7 {[%emt 0:00:31]
} 5. Bg2 {[%emt 0:00:15]} O-O {[%emt 0:00:18]} 6. O-O {[%emt 0:00:12]} dxc4 {
[%emt 0:00:45]} 7. Qc2 {[%emt 0:00:15]} b6 {[%emt 0:00:43]} 8. Qxc4 {[%emt 0:
02:30]} Bb7 {[%emt 0:00:48]} 9. Nc3 {[%emt 0:02:11]} Nbd7 {[%emt 0:01:41]} 10.
Rd1 {[%emt 0:02:47]} c5 {[%emt 0:04:36]} 11. Bg5 {[%emt 0:06:51]} Nd5 {[%emt 0:
14:58]} 12. Bxe7 {[%emt 0:01:29]} Qxe7 {[%emt 0:00:51]} 13. Rac1 {[%emt 0:11:
39]} Rac8 {[%emt 0:08:09]} 14. e3 {[%emt 0:09:12]} Nxc3 {[%emt 0:11:31]} 15.
Qxc3 {[%emt 0:00:29]} cxd4 {[%emt 0:00:31]} 16. Qxd4 {[%emt 0:02:29]} Rxc1 {
[%emt 0:00:11]} 17. Rxc1 {[%emt 0:00:11]} Nc5 {[%emt 0:00:38]} 18. Rd1 {
[%emt 0:02:33]} f6 {[%emt 0:11:21]} 19. b4 {[%emt 0:04:50]} Na6 {[%emt 0:08:41]
} 20. a3 {[%emt 0:03:12]} Rc8 {[%emt 0:04:32]} 21. Ne1 {[%emt 0:04:22]} Nb8 {
[%emt 0:14:15]} 22. Bxb7 {[%emt 0:02:49]} Qxb7 {[%emt 0:00:11]} 23. b5 {
[%emt 0:01:16]} Kf7 {[%emt 0:01:42]} 24. Ng2 {[%emt 0:04:07]} Rc7 {[%emt 0:01:
10]} 25. Qg4 {[%emt 0:01:27]} g6 {[%emt 0:03:24]} 26. Qh3 {[%emt 0:03:00]} h5 {
[%emt 0:02:11]} 27. g4 {[%emt 0:01:07]} h4 {[%emt 0:00:10]} 28. Qxh4 {[%emt 0:
00:10]} Kg7 {[%emt 0:00:11]} 29. Nf4 {[%emt 0:10:19]} Qe4 {[%emt 0:00:41]} 30.
g5 {[%emt 0:00:50]} Qf3 {[%emt 0:01:34]} 31. Qh6+ {[%emt 0:00:45]} Kf7 {
[%emt 0:00:11]} 32. Qxg6+ {[%emt 0:00:41]} Ke7 {[%emt 0:00:20]} 33. Qxf6+ {
[%emt 0:00:15]} 1-0

[Event "48th Continental Open"]
[Site "Sturbridge, MA"]
[Date "2018.08.18"]
[Round "5.19"]
[White "Slade, Theo"]
[Black "Falcao, Wesley"]
[Result "1/2-1/2"]
[WhiteElo "1960"]
[BlackElo "2148"]
[PlyCount "84"]
[EventDate "2018.08.??"]
[EventType "swiss"]
[EventRounds "9"]
[EventCountry "USA"]
[TimeControl "6000+10"]
[WhiteClock "0:00:01"]
[BlackClock "0:00:07"]

1. d4 {[%emt 0:00:10]} c5 {[%emt 0:00:25]} 2. d5 {[%emt 0:00:23]} e5 {[%emt 0:
00:14]} 3. e4 {[%emt 0:01:15]} Nf6 {[%emt 0:00:14]} 4. Bd3 {[%emt 0:04:53]} d6
{[%emt 0:00:45]} 5. c4 {[%emt 0:00:55]} Be7 {[%emt 0:00:50]} 6. Nc3 {[%emt 0:
01:49]} O-O {[%emt 0:00:33]} 7. Nge2 {[%emt 0:06:30]} Ne8 {[%emt 0:01:19]} 8.
O-O {[%emt 0:02:43]} Bg5 {[%emt 0:00:33]} 9. a3 {[%emt 0:06:15]} g6 {[%emt 0:
05:07]} 10. b4 {[%emt 0:04:39]} Nd7 {[%emt 0:01:05]} 11. g3 {[%emt 0:05:59]}
Bxc1 {[%emt 0:01:31]} 12. Qxc1 {[%emt 0:01:46]} f5 {[%emt 0:09:31]} 13. f4 {
[%emt 0:03:26]} cxb4 {[%emt 0:02:53]} 14. axb4 {[%emt 0:00:58]} Qb6+ {[%emt 0:
00:15]} 15. Kg2 {[%emt 0:02:43]} Qxb4 {[%emt 0:00:35]} 16. exf5 {[%emt 0:04:14]
} gxf5 {[%emt 0:00:51]} 17. fxe5 {[%emt 0:04:30]} Nxe5 {[%emt 0:00:17]} 18.
Qg5+ {[%emt 0:02:31]} Ng7 {[%emt 0:00:46]} 19. Qe3 {[%emt 0:08:15]} Re8 {
[%emt 0:16:30]} 20. Rfb1 {[%emt 0:06:46]} Qc5 {[%emt 0:00:20]} 21. Qxc5 {
[%emt 0:00:40]} dxc5 {[%emt 0:00:17]} 22. Nf4 {[%emt 0:00:24]} Nxd3 {[%emt 0:
01:15]} 23. Nxd3 {[%emt 0:00:17]} Re3 {[%emt 0:00:14]} 24. Rd1 {[%emt 0:00:29]}
f4 {[%emt 0:00:32]} 25. Nb5 {[%emt 0:02:56]} fxg3 {[%emt 0:11:17]} 26. Nxc5 {
[%emt 0:03:39]} Nh5 {[%emt 0:15:38]} 27. hxg3 {[%emt 0:02:39]} Bg4 {[%emt 0:09:
09]} 28. Rd2 {[%emt 0:09:34]} Rc8 {[%emt 0:05:43]} 29. Nxb7 {[%emt 0:02:31]}
Rxg3+ {[%emt 0:03:52]} 30. Kh1 {[%emt 0:00:49]} Bf3+ {[%emt 0:03:19]} 31. Kh2 {
[%emt 0:00:19]} Rxc4 {[%emt 0:00:11]} 32. Nd4 {[%emt 0:01:05]} Bxd5 {[%emt 0:
03:12]} 33. Nf5 {[%emt 0:05:03]} Bxb7 {[%emt 0:05:36]} 34. Rd8+ {[%emt 0:01:42]
} Kf7 {[%emt 0:00:10]} 35. Nxg3 {[%emt 0:00:17]} Rh4+ {[%emt 0:00:05]} 36. Kg1
{[%emt 0:00:15]} Nxg3 {[%emt 0:00:41]} 37. Rxa7 {[%emt 0:00:44]} Rh1+ {[%emt 0:
00:00]} 38. Kf2 {[%emt 0:00:16]} Ne4+ {[%emt 0:00:08]} 39. Kg2 {[%emt 0:01:31]}
Nc5+ {[%emt 0:00:05]} 40. Rxb7+ {[%emt 0:00:47]} Nxb7 {[%emt 0:00:16]} 41. Rd7+
{[%emt 0:00:04]} Ke6 {[%emt 0:00:33]} 42. Rxb7 {[%emt 0:00:18]} Rh4 {[%emt 0:
00:16]} 1/2-1/2

[Event "48th Continental Open"]
[Site "Sturbridge, MA"]
[Date "2018.08.18"]
[Round "5.20"]
[White "Belous, Nicholas"]
[Black "Fiedler, Brian"]
[Result "1/2-1/2"]
[WhiteElo "1852"]
[BlackElo "1978"]
[PlyCount "59"]
[EventDate "2018.08.??"]
[EventType "swiss"]
[EventRounds "9"]
[EventCountry "USA"]

1. e4 c5 2. Nc3 Nc6 3. f4 g6 4. Nf3 Bg7 5. Bb5 Nd4 6. Bd3 d6 7. Nxd4 cxd4 8.
Ne2 Nf6 9. c3 dxc3 10. dxc3 Qb6 11. f5 Ng4 12. Nd4 Ne5 13. Bb5+ Bd7 14. Bxd7+
Nxd7 15. O-O O-O 16. Kh1 Ne5 17. Qe2 Nc6 18. Nxc6 Qxc6 19. Bg5 h6 20. Bxe7 Rfe8
21. f6 Bf8 22. Bxf8 Rxf8 23. Qe3 Kh7 24. Rf3 Qc5 25. Qd2 Rfe8 26. Rh3 g5 27.
Re1 Re6 28. Rf3 Rae8 29. Qd3 Qe5 30. Qf1 1/2-1/2

[Event "48th Continental Open"]
[Site "Sturbridge, MA"]
[Date "2018.08.18"]
[Round "5.21"]
[White "Zhao, Jeffrey Renfei"]
[Black "Barash, Anton"]
[Result "0-1"]
[WhiteElo "1827"]
[BlackElo "1972"]
[PlyCount "76"]
[EventDate "2018.08.??"]
[EventType "swiss"]
[EventRounds "9"]
[EventCountry "USA"]
[TimeControl "6000+10"]
[WhiteClock "0:39:15"]
[BlackClock "0:25:52"]

1. e4 {[%emt 0:00:10]} e6 {[%emt 0:00:21]} 2. d4 {[%emt 0:00:13]} d5 {[%emt 0:
00:14]} 3. Nc3 {[%emt 0:00:10]} Bb4 {[%emt 0:00:12]} 4. e5 {[%emt 0:00:13]} c5
{[%emt 0:00:12]} 5. a3 {[%emt 0:00:28]} Bxc3+ {[%emt 0:00:11]} 6. bxc3 {
[%emt 0:00:10]} Ne7 {[%emt 0:00:16]} 7. Nf3 {[%emt 0:00:41]} Nbc6 {[%emt 0:00:
37]} 8. h4 {[%emt 0:01:04]} Bd7 {[%emt 0:11:51]} 9. h5 {[%emt 0:02:57]} h6 {
[%emt 0:01:09]} 10. Be2 {[%emt 0:07:40]} Qc7 {[%emt 0:01:14]} 11. O-O {[%emt 0:
04:00]} O-O-O {[%emt 0:01:36]} 12. g3 {[%emt 0:04:15]} f6 {[%emt 0:10:56]} 13.
Bf4 {[%emt 0:07:25]} g5 {[%emt 0:01:57]} 14. exf6 {[%emt 0:04:01]} gxf4 {
[%emt 0:00:18]} 15. fxe7 {[%emt 0:00:14]} Rdg8 {[%emt 0:00:27]} 16. Nh4 {
[%emt 0:02:35]} fxg3 {[%emt 0:02:29]} 17. f4 {[%emt 0:00:36]} Nxe7 {[%emt 0:01:
05]} 18. Rb1 {[%emt 0:06:00]} g2 {[%emt 0:05:07]} 19. Nxg2 {[%emt 0:02:46]} Nf5
{[%emt 0:06:26]} 20. Qd2 {[%emt 0:01:47]} Ng3 {[%emt 0:03:56]} 21. Rf3 {
[%emt 0:01:05]} Nxh5 {[%emt 0:06:47]} 22. Qe3 {[%emt 0:04:54]} Rg7 {[%emt 0:05:
42]} 23. Qe5 {[%emt 0:04:37]} Qxe5 {[%emt 0:00:15]} 24. fxe5 {[%emt 0:00:10]}
Rhg8 {[%emt 0:06:14]} 25. Bf1 {[%emt 0:00:10]} Ng3 {[%emt 0:00:24]} 26. Rf2 {
[%emt 0:00:10]} Ne4 {[%emt 0:00:32]} 27. dxc5 {[%emt 0:04:11]} Nxf2 {[%emt 0:
00:37]} 28. Kxf2 {[%emt 0:00:10]} Rf7+ {[%emt 0:01:26]} 29. Ke2 {[%emt 0:00:34]
} Rf5 {[%emt 0:01:10]} 30. Ne3 {[%emt 0:00:18]} Rxe5 {[%emt 0:00:22]} 31. Kd2 {
[%emt 0:00:16]} Rg3 {[%emt 0:02:02]} 32. Re1 {[%emt 0:00:11]} h5 {[%emt 0:00:
48]} 33. Ng2 {[%emt 0:01:17]} Rxe1 {[%emt 0:00:21]} 34. Nxe1 {[%emt 0:00:13]}
h4 {[%emt 0:00:55]} 35. Nd3 {[%emt 0:00:21]} h3 {[%emt 0:01:09]} 36. Nf2 {
[%emt 0:00:10]} h2 {[%emt 0:00:19]} 37. Be2 {[%emt 0:00:29]} Rg2 {[%emt 0:00:
41]} 38. Nh1 {[%emt 0:00:24]} Bb5 {[%emt 0:00:20]} 0-1

[Event "48th Continental Open"]
[Site "Sturbridge, MA"]
[Date "2018.08.18"]
[Round "5.22"]
[White "Lu, Jason"]
[Black "Ramanathan, Suraj"]
[Result "1/2-1/2"]
[WhiteElo "1826"]
[BlackElo "1961"]
[PlyCount "146"]
[EventDate "2018.08.??"]
[EventType "swiss"]
[EventRounds "9"]
[EventCountry "USA"]

1. d4 Nf6 2. c4 g6 3. f3 Bg7 4. e4 d6 5. Nc3 O-O 6. Be3 Nc6 7. Nge2 a6 8. Qd2
Rb8 9. Rc1 e5 10. d5 Ne7 11. Ng3 Nd7 12. Be2 f5 13. exf5 Nxf5 14. Nxf5 gxf5 15.
O-O Kh8 16. b4 Rg8 17. c5 Bf8 18. f4 dxc5 19. bxc5 Bxc5 20. Bxc5 Nxc5 21. fxe5
c6 22. Qe3 Ne4 23. Nxe4 fxe4 24. dxc6 bxc6 25. Qxe4 Qg5 26. Bc4 Bf5 27. Qf3
Rgf8 28. e6 Qg7 29. Qc3 Be4 30. Qxg7+ Kxg7 31. Rfe1 Bd5 32. Bxa6 Rb2 33. Re2
Rxe2 34. Bxe2 Bxe6 35. a4 Ra8 36. Rxc6 Bf7 37. Ra6 Re8 38. Bf3 Re3 39. Kf2 Ra3
40. a5 Bc4 41. Ra7+ Kf6 42. Rxh7 Rxa5 43. Rh6+ Kg7 44. Rc6 Ra2+ 45. Kg3 Bf7 46.
Rb6 Ra3 47. Kf4 Ra4+ 48. Ke3 Ra3+ 49. Kd4 Ra4+ 50. Ke5 Ra5+ 51. Kd4 Ra4+ 52.
Kc5 Rc4+ 53. Kd6 Rd4+ 54. Ke5 Ra4 55. Rd6 Ra5+ 56. Kf4 Ra4+ 57. Ke3 Ra3+ 58.
Rd3 Ra4 59. Rd4 Ra3+ 60. Kf4 Ra5 61. g4 Ra2 62. h4 Rh2 63. Kg3 Rb2 64. Kf4 Rh2
65. Kg5 Ra2 66. Rf4 Ra5+ 67. Rf5 Rxf5+ 68. Kxf5 Bh5 69. gxh5 Kh8 70. Be2 Kh7
71. Kf6 Kh8 72. Bd3 Kg8 73. Kg6 Kh8 1/2-1/2

[Event "48th Continental Open"]
[Site "Sturbridge, MA"]
[Date "2018.08.18"]
[Round "5.23"]
[White "Song, Alan"]
[Black "Cui, Cynthia"]
[Result "1/2-1/2"]
[WhiteElo "2043"]
[BlackElo "1798"]
[PlyCount "120"]
[EventDate "2018.08.??"]
[EventType "swiss"]
[EventRounds "9"]
[EventCountry "USA"]

1. e4 e6 2. d4 d5 3. Nc3 Bb4 4. e5 c5 5. a3 Bxc3+ 6. bxc3 Qa5 7. Bd2 Qa4 8. Qb1
c4 9. f4 Ne7 10. g3 Nbc6 11. Bh3 Bd7 12. Nf3 O-O-O 13. O-O Kb8 14. Nh4 g6 15.
Nf3 Nc8 16. Bg2 Nb6 17. Ra2 Rdf8 18. Kh1 h5 19. Nh4 Qa5 20. Bf3 Nxd4 21. Qe1
Nb5 22. Bg2 Na4 23. Nf3 Qd8 24. Nd4 f5 25. exf6 Qxf6 26. Nxb5 Bxb5 27. f5 gxf5
28. Bf4+ Ka8 29. Be5 Qh6 30. Bxh8 Rxh8 31. Rf3 Qf6 32. Re3 Bd7 33. Ra1 Rg8 34.
Qd2 Qf8 35. Qd4 Rg4 36. Qe5 Rg8 37. Qc7 Nb6 38. a4 Qh6 39. Rae1 Rc8 40. Qd6
Bxa4 41. Qxe6 Qxe6 42. Rxe6 Bxc2 43. Re8 Kb8 44. Kg1 Be4 45. Rxc8+ Kxc8 46.
Bxe4 fxe4 47. Ra1 a6 48. Kf2 Kd7 49. h3 Nc8 50. Ke3 Kd6 51. g4 hxg4 52. hxg4
Kc5 53. g5 Ne7 54. Rf1 b5 55. Ra1 Kb6 56. Kd4 a5 57. Rf1 b4 58. cxb4 axb4 59.
Rf7 Nc6+ 60. Kxd5 e3 1/2-1/2

[Event "48th Continental Open"]
[Site "Sturbridge, MA"]
[Date "2018.08.18"]
[Round "5.25"]
[White "Riddell, Connor"]
[Black "Tanaka, Tyler"]
[Result "0-1"]
[WhiteElo "1716"]
[BlackElo "2007"]
[PlyCount "54"]
[EventDate "2018.08.??"]
[EventType "swiss"]
[EventRounds "9"]
[EventCountry "USA"]

1. e4 c5 2. Nf3 d6 3. Be2 Nf6 4. c3 g6 5. O-O Bg7 6. Re1 O-O 7. Bf1 Nc6 8. h3
e5 9. d3 h6 10. Be3 b6 11. g4 d5 12. g5 hxg5 13. Nxg5 Qd6 14. exd5 Nxd5 15. c4
Nxe3 16. fxe3 Qe7 17. Ne4 f5 18. Nf2 Qg5+ 19. Kh1 e4 20. Nc3 Qg3 21. Nfxe4 fxe4
22. Nxe4 Qh4 23. Re2 Bg4 24. Qe1 Rxf1+ 25. Qxf1 Bxe2 26. Qxe2 Qxh3+ 27. Kg1 Rf8
0-1

[Event "48th Continental Open"]
[Site "Sturbridge, MA"]
[Date "2018.08.18"]
[Round "6.1"]
[White "Matsenko, Sergei"]
[Black "Barbosa, Oliver"]
[Result "1/2-1/2"]
[WhiteElo "2533"]
[BlackElo "2545"]
[PlyCount "33"]
[EventDate "2018.08.??"]
[EventType "swiss"]
[EventRounds "9"]
[EventCountry "USA"]
[TimeControl "6000+10"]
[WhiteClock "0:33:24"]
[BlackClock "0:50:41"]

1. d4 {[%emt 0:14:38]} d5 {[%emt 0:00:41]} 2. c4 {[%emt 0:00:10]} c6 {[%emt 0:
00:10]} 3. Nc3 {[%emt 0:00:10]} Nf6 {[%emt 0:00:39]} 4. e3 {[%emt 0:00:10]} g6
{[%emt 0:01:41]} 5. Nf3 {[%emt 0:00:10]} Bg7 {[%emt 0:00:10]} 6. Bd3 {[%emt 0:
02:12]} O-O {[%emt 0:00:58]} 7. cxd5 {[%emt 0:00:25]} cxd5 {[%emt 0:00:18]} 8.
Ne5 {[%emt 0:00:10]} Nfd7 {[%emt 0:11:30]} 9. Nxd7 {[%emt 0:02:15]} Qxd7 {
[%emt 0:00:16]} 10. O-O {[%emt 0:06:15]} b6 {[%emt 0:01:31]} 11. b4 {[%emt 0:
08:38]} Nc6 {[%emt 0:00:58]} 12. Qb3 {[%emt 0:02:08]} Rd8 {[%emt 0:05:06]} 13.
Bb2 {[%emt 0:02:59]} Bb7 {[%emt 0:02:37]} 14. Rfd1 {[%emt 0:04:08]} Rac8 {
[%emt 0:00:13]} 15. a4 {[%emt 0:05:57]} Qd6 {[%emt 0:08:07]} 16. Nb5 {[%emt 0:
09:11]} Qd7 {[%emt 0:17:14]} 17. Rac1 {[%emt 0:09:50]} 1/2-1/2

[Event "48th Continental Open"]
[Site "Sturbridge, MA"]
[Date "2018.08.18"]
[Round "6.2"]
[White "Vorontsov, Pavlo"]
[Black "Gorovets, Andrey"]
[Result "1/2-1/2"]
[WhiteElo "2578"]
[BlackElo "2495"]
[PlyCount "45"]
[EventDate "2018.08.??"]
[EventType "swiss"]
[EventRounds "9"]
[EventCountry "USA"]
[TimeControl "6000+10"]
[WhiteClock "0:23:31"]
[BlackClock "0:48:08"]

1. c4 {[%emt 0:11:57]} e6 {[%emt 0:00:23]} 2. Nc3 {[%emt 0:00:18]} d5 {[%emt 0:
00:10]} 3. d4 {[%emt 0:00:10]} Bb4 {[%emt 0:02:47]} 4. Nf3 {[%emt 0:08:34]}
dxc4 {[%emt 0:00:18]} 5. Bg5 {[%emt 0:04:41]} Ne7 {[%emt 0:04:14]} 6. a3 {
[%emt 0:08:34]} Bxc3+ {[%emt 0:02:24]} 7. bxc3 {[%emt 0:00:10]} b5 {[%emt 0:03:
37]} 8. a4 {[%emt 0:00:10]} c6 {[%emt 0:00:10]} 9. e4 {[%emt 0:04:05]} f6 {
[%emt 0:01:47]} 10. Bf4 {[%emt 0:03:37]} a6 {[%emt 0:04:58]} 11. Be2 {[%emt 0:
01:56]} O-O {[%emt 0:04:22]} 12. O-O {[%emt 0:00:10]} Ng6 {[%emt 0:04:10]} 13.
Bc1 {[%emt 0:03:20]} Qc7 {[%emt 0:05:41]} 14. h4 {[%emt 0:23:34]} Nf4 {[%emt 0:
05:38]} 15. Ba3 {[%emt 0:00:42]} Rd8 {[%emt 0:03:29]} 16. e5 {[%emt 0:01:32]}
fxe5 {[%emt 0:05:21]} 17. Nxe5 {[%emt 0:00:10]} Nd7 {[%emt 0:00:27]} 18. Qd2 {
[%emt 0:01:03]} Nxe2+ {[%emt 0:01:32]} 19. Qxe2 {[%emt 0:00:10]} Nxe5 {[%emt 0:
00:38]} 20. Qxe5 {[%emt 0:00:54]} Qxe5 {[%emt 0:01:14]} 21. dxe5 {[%emt 0:00:
10]} Rd5 {[%emt 0:00:28]} 22. Bd6 {[%emt 0:02:33]} h5 {[%emt 0:01:54]} 23. Rfd1
{[%emt 0:01:49]} 1/2-1/2

[Event "48th Continental Open"]
[Site "Sturbridge, MA"]
[Date "2018.08.18"]
[Round "6.3"]
[White "Baryshpolets, Andrey"]
[Black "Corrales Jimenez, Fidel"]
[Result "1/2-1/2"]
[WhiteElo "2609"]
[BlackElo "2542"]
[PlyCount "75"]
[EventDate "2018.08.??"]
[EventType "swiss"]
[EventRounds "9"]
[EventCountry "USA"]

1. d4 Nf6 2. c4 g6 3. Nc3 d5 4. Nf3 Bg7 5. cxd5 Nxd5 6. e4 Nxc3 7. bxc3 c5 8.
Be3 Qa5 9. Qd2 O-O 10. Rc1 cxd4 11. cxd4 Nc6 12. d5 Qxd2+ 13. Bxd2 Ne5 14. Bb4
Bd7 15. Be2 Rfc8 16. O-O e6 17. Bd6 Nxf3+ 18. Bxf3 exd5 19. exd5 Rxc1 20. Rxc1
Rc8 21. Rxc8+ Bxc8 22. g4 b5 23. g5 h6 24. h4 hxg5 25. hxg5 a5 26. Be2 Bd7 27.
f4 f6 28. gxf6 Bxf6 29. Kf2 Kf7 30. Ke3 Be7 31. Bxe7 Kxe7 32. Kd4 Kd6 33. Bd3
Be8 34. a3 b4 35. axb4 axb4 36. Kc4 b3 37. Kxb3 Kxd5 38. Kc3 1/2-1/2